Music Quiz

Random Music or Grab Bag Quiz

Musical Jumbles II Quiz Stats

 Plays Quiz Updated Mar 5, 2019

Score 0/30 Timer 06:00
1 Play Today
Jumble Answer % Correct
Things John Lennon wants you
to imagine a world without
HEAVEN
92.2%
Best-selling albums (U.S.)
titled after the band/artist
VAN HALEN
87.3%
Non-U.S., non-U.K. best-selling artistsBOB MARLEY
84.1%
Things John Lennon wants you
to imagine a world without
HUNGER
84%
Hiphop artists nominated for
Grammy Best Album (2017)
KANYE WEST
83.8%
Notable female country artistsDOLLY PARTON
82.9%
Best-selling albums (U.S.)
titled after the band/artist
BACKSTREET BOYS
82.6%
Hiphop artists nominated for
Grammy Best Album (2017)
DRAKE
81.3%
Hiphop artists nominated for
Grammy Best Album (2017)
DE LA SOUL
80.9%
Parts of a standard grand pianoTOP BOARD
78.2%
Non-U.S., non-U.K. best-selling artistsCELINE DION
75.9%
Best-selling albums (U.S.)
titled after the band/artist
GARTH BROOKS
75.7%
Parts of a standard grand pianoMUSIC RACK
74.8%
Non-U.S., non-U.K. best-selling artistsSHAKIRA
74.6%
Hiphop artists nominated for
Grammy Best Album (2017)
CHANCE THE RAPPER
72.1%
Jumble Answer % Correct
Hiphop artists nominated for
Grammy Best Album (2017)
DJ KHALED
70%
Parts of a standard grand pianoHAMMER
59.2%
Non-U.S., non-U.K. best-selling artistsRIHANNA
58.7%
Notable female country artistsCARRIE UNDERWOOD
58.1%
Non-U.S., non-U.K. best-selling artistsBRYAN ADAMS
57%
Notable female country artistsTAMMY WYNETTE
54%
Things John Lennon wants you
to imagine a world without
RELIGION
50.9%
Best-selling albums (U.S.)
titled after the band/artist
METALLICA
45.4%
Things John Lennon wants you
to imagine a world without
POSSESSIONS
38.1%
Best-selling albums (U.S.)
titled after the band/artist
WHITNEY
37.7%
Notable female country artistsMARTINA MCBRIDE
34.8%
Things John Lennon wants you
to imagine a world without
COUNTRIES
34.4%
Parts of a standard grand pianoSUSTAIN PEDAL
30.6%
Parts of a standard grand pianoSOUNDBOARD
23.5%
Notable female country artistsALISON KRAUSS
21.7%

You're not logged in!

Compare scores with friends on all Sporcle quizzes.
OR
Log In

Show Comments

Extras

Top Quizzes Today


Score Distribution

Your Account Isn't Verified!

In order to create a playlist on Sporcle, you need to verify the email address you used during registration. Go to your Sporcle Settings to finish the process.

Report this User

Report this user for behavior that violates our Community Guidelines.

Details: